[Event "Oberpfalz-ch M1"]
[Site "Windischeschenbach"]
[Date "2017.04.10"]
[Round "6"]
[White "Blodig, Martin"]
[Black "Betz, Michael"]
[Result "1/2-1/2"]
[WhiteElo "1806"]
[BlackElo "1805"]
[PlyCount "31"]
[EventDate "2017.04.08"]
[EventType "swiss"]
[EventRounds "8"]
[EventCountry "GER"]
[SourceTitle "EXT 2020"]
[Source "ChessBase"]
[SourceDate "2019.10.17"]
[SourceVersion "1"]
[SourceVersionDate "2019.10.17"]
[SourceQuality "1"]

1. e4 e6 2. d4 d5 3. exd5 exd5 4. Nf3 Nc6 5. Be2 Bd6 6. b3 Bg4 7. 0-0 Bxf3 8. Bxf3 Qh4 9. Re1+ Kf8 10. Bxd5 Qxh2+ 11. Kf1 Nf6 12. Bxc6 bxc6 13. Qf3 Qh1+ 14. Ke2 Re8+ 15. Be3 Qh5 16. Qxh5 1/2-1/2

[Event "Oberpfalz-ch M1"]
[Site "Windischeschenbach"]
[Date "2017.04.09"]
[Round "4"]
[White "Stark, Martin"]
[Black "Blodig, Martin"]
[Result "1/2-1/2"]
[WhiteElo "1873"]
[BlackElo "1806"]
[PlyCount "25"]
[EventDate "2017.04.08"]
[EventType "swiss"]
[EventRounds "8"]
[EventCountry "GER"]
[SourceTitle "EXT 2020"]
[Source "ChessBase"]
[SourceDate "2019.10.17"]
[SourceVersion "1"]
[SourceVersionDate "2019.10.17"]
[SourceQuality "1"]

1. d4 e6 2. Nf3 d5 3. c4 c5 4. cxd5 exd5 5. Nc3 Nc6 6. Bg5 f6 7. Bf4 Be6 8. e3 c4 9. Bxc4 dxc4 10. d5 Bxd5 11. Qxd5 Qxd5 12. Nxd5 0-0-0 13. 0-0-0 1/2-1/2

[Event "Nittenau-ch 13th"]
[Site "Nittenau"]
[Date "2013.09.14"]
[Round "3"]
[White "Blodig, Martin"]
[Black "Schindler, Tobias"]
[Result "1/2-1/2"]
[WhiteElo "1813"]
[BlackElo "1570"]
[PlyCount "70"]
[EventDate "2013.09.13"]
[EventType "swiss"]
[EventRounds "5"]
[EventCountry "GER"]
[SourceTitle "EXT 2022"]
[Source "ChessBase"]
[SourceDate "2021.10.06"]
[SourceVersion "1"]
[SourceVersionDate "2021.10.06"]
[SourceQuality "1"]

1. e4 c6 2. d4 d5 3. e5 Bf5 4. Bd3 Bxd3 5. Qxd3 e6 6. f4 c5 7. c3 Nh6 8. Nf3 Nc6 9. 0-0 Be7 10. h3 cxd4 11. cxd4 Rc8 12. Nc3 Qb6 13. a3 Nf5 14. Nxd5 exd5 15. Qxf5 0-0 16. Qd3 Na5 17. Rb1 Rc7 18. Bd2 Nb3 19. Bb4 Na5 20. Bxa5 Qxa5 21. Rbc1 Rfc8 22. Rxc7 Qxc7 23. Qf5 Qc6 24. Re1 Qe6 25. Qd3 Qc6 26. Qe3 Qe6 27. Rc1 Rc6 28. g4 g6 29. Rxc6 Qxc6 30. f5 gxf5 31. gxf5 Qc2 32. f6 Bf8 33. Qd2 Qb1+ 34. Kh2 Kh8 35. Qg2 Bh6 1/2-1/2

[Event "Nittenau-ch 13th"]
[Site "Nittenau"]
[Date "2013.09.14"]
[Round "2"]
[White "Mueller, Christian2222"]
[Black "Blodig, Martin"]
[Result "1-0"]
[WhiteElo "2072"]
[BlackElo "1813"]
[PlyCount "35"]
[EventDate "2013.09.13"]
[EventType "swiss"]
[EventRounds "5"]
[EventCountry "GER"]
[SourceTitle "EXT 2022"]
[Source "ChessBase"]
[SourceDate "2021.10.06"]
[SourceVersion "1"]
[SourceVersionDate "2021.10.06"]
[SourceQuality "1"]

1. e4 e5 2. Nf3 Nc6 3. c3 Nf6 4. d3 d5 5. Qc2 d4 6. Be2 Be7 7. 0-0 0-0 8. Nbd2 Be6 9. cxd4 exd4 10. a3 a5 11. b3 Na7 12. Nc4 Nb5 13. Bd2 b6 14. Nfe5 Na7 15. b4 axb4 16. axb4 Nd7 17. Rxa7 Nxe5 18. Rxa8 1-0

[Event "Oberpfalz-ch M1"]
[Site "Roding"]
[Date "2010.03.30"]
[Round "8"]
[White "Blodig, Martin"]
[Black "Giessmann, Stephan"]
[Result "0-1"]
[WhiteElo "1810"]
[BlackElo "2154"]
[PlyCount "52"]
[EventDate "2010.03.27"]
[EventType "swiss"]
[EventRounds "8"]
[EventCountry "GER"]
[SourceTitle "EXT 2012"]
[Source "ChessBase"]
[SourceDate "2011.11.24"]
[SourceVersion "1"]
[SourceVersionDate "2011.11.24"]
[SourceQuality "1"]

1. e4 e6 2. d4 d5 3. exd5 exd5 4. Nf3 Bd6 5. Nc3 Ne7 6. Be2 0-0 7. 0-0 c6 8. h3 Qc7 9. Bd3 Bf5 10. Re1 Bxd3 11. Qxd3 Nd7 12. Bd2 Rae8 13. a3 Ng6 14. g3 Nf6 15. Nh2 h5 16. Bg5 Nh7 17. h4 Nxg5 18. hxg5 h4 19. Nf1 hxg3 20. fxg3 Qd7 21. Ne2 Qg4 22. Nh2 Qxg5 23. Nf3 Qg4 24. Kf2 Re6 25. Rh1 Rfe8 26. Nfg1 Re3 0-1

[Event "Oberpfalz-ch M2"]
[Site "Kareth Lappersdorf"]
[Date "2008.03.18"]
[Round "7"]
[White "Fischer, Wolfgang1111"]
[Black "Blodig, Martin"]
[Result "0-1"]
[WhiteElo "1670"]
[BlackElo "1819"]
[PlyCount "106"]
[EventDate "2008.03.15"]
[EventType "swiss"]
[EventRounds "8"]
[EventCountry "GER"]
[SourceTitle "EXT 2022"]
[Source "ChessBase"]
[SourceDate "2021.10.06"]
[SourceVersion "1"]
[SourceVersionDate "2021.10.06"]
[SourceQuality "1"]

1. e4 e5 2. Nf3 Nc6 3. Bb5 a6 4. Ba4 Nf6 5. 0-0 b5 6. Bb3 d6 7. d3 Be7 8. h3 0-0 9. Be3 Na5 10. Nbd2 c5 11. a4 Bd7 12. axb5 axb5 13. c3 Qc7 14. Bc2 Rfc8 15. Qe2 Qb7 16. b3 Ra6 17. Rfb1 Rca8 18. Qd1 Nc6 19. Bg5 Be6 20. Rxa6 Rxa6 21. Ra1 Qa7 22. Rxa6 Qxa6 23. Qb1 Qa3 24. c4 bxc4 25. Nxc4 Bxc4 26. dxc4 Nb4 27. Qd1 Qa6 28. Nh4 g6 29. Qb1 Kg7 30. Nf3 Qb7 31. Bxf6+ Bxf6 32. Ne1 Bg5 33. Nd3 Nxc2 34. Qxc2 Qxe4 35. Kf1 Be7 36. Ne1 Qc6 37. Qd3 Bf6 38. Nc2 e4 39. Qd5 Qb6 40. Qxe4 Qxb3 41. Ne3 Bd4 42. Qc2 Qa3 43. Ke2 Qa8 44. f3 Qe8 45. Qe4 Qxe4 46. fxe4 Bxe3 47. Kxe3 Kf6 48. Kf4 h6 49. h4 Ke6 50. g4 Kf6 51. g5+ hxg5+ 52. hxg5+ Ke6 53. Kf3 f6 0-1

[Event "Oberpfalz-ch M2"]
[Site "Kareth Lappersdorf"]
[Date "2008.03.17"]
[Round "5"]
[White "Gleis, Wolfgang"]
[Black "Blodig, Martin"]
[Result "1-0"]
[WhiteElo "1713"]
[BlackElo "1819"]
[PlyCount "83"]
[EventDate "2008.03.15"]
[EventType "swiss"]
[EventRounds "8"]
[EventCountry "GER"]
[SourceTitle "EXT 2022"]
[Source "ChessBase"]
[SourceDate "2021.10.06"]
[SourceVersion "1"]
[SourceVersionDate "2021.10.06"]
[SourceQuality "1"]

1. d4 d5 2. c4 e6 3. Nf3 Nf6 4. Nc3 b6 5. Bg5 Be7 6. e3 Bb7 7. Rc1 Nbd7 8. Bd3 0-0 9. 0-0 Ne4 10. Bxe7 Qxe7 11. Qc2 f5 12. cxd5 exd5 13. Qe2 Rae8 14. Nb5 c5 15. Nxa7 c4 16. Bc2 Qb4 17. a4 Qxb2 18. Rb1 Qa3 19. Nb5 Qe7 20. Nd2 Bc6 21. Nxe4 fxe4 22. Nc7 Rc8 23. Nb5 Ra8 24. f3 Nf6 25. Nc3 exf3 26. Rxf3 Qb7 27. Nb5 Bxb5 28. Rxb5 Rfe8 29. Rf5 Re7 30. e4 Nxe4 31. Rfxd5 Nc3 32. Bxh7+ Kh8 33. Qh5 Ne2+ 34. Kf2 Nf4 35. Qh4 Nd3+ 36. Bxd3+ Kg8 37. Qh7+ Kf8 38. Rf5+ Ke8 39. Qg6+ Kd7 40. Rfd5+ Kc8 41. Bf5+ Kb8 42. Rxb6 1-0

[Event "Oberpfalz-ch M2"]
[Site "Kareth Lappersdorf"]
[Date "2008.03.15"]
[Round "1"]
[White "Gschwendner, Anton"]
[Black "Blodig, Martin"]
[Result "0-1"]
[WhiteElo "1647"]
[BlackElo "1819"]
[PlyCount "62"]
[EventDate "2008.03.15"]
[EventType "swiss"]
[EventRounds "8"]
[EventCountry "GER"]
[SourceTitle "EXT 2022"]
[Source "ChessBase"]
[SourceDate "2021.10.06"]
[SourceVersion "1"]
[SourceVersionDate "2021.10.06"]
[SourceQuality "1"]

1. e4 e5 2. Nf3 Nc6 3. Bc4 Nf6 4. Nc3 Nxe4 5. Bxf7+ Kxf7 6. Nxe4 d5 7. Neg5+ Kg8 8. d3 h6 9. Nh3 Qf6 10. Qe2 Bg4 11. 0-0 Nd4 12. Qe3 Bxf3 13. Rb1 Bg4 14. f4 Bc5 15. Kh1 Bb6 16. Qxe5 Qxe5 17. fxe5 Bxh3 18. gxh3 Nxc2 19. a3 Re8 20. Bf4 Nd4 21. Rbe1 Kh7 22. Kg2 Rhf8 23. h4 Ne6 24. Bg3 Rxf1 25. Rxf1 Rf8 26. Re1 Nf4+ 27. Bxf4 Rxf4 28. e6 Rf8 29. Kh3 Re8 30. Kg4 Kg6 31. h5+ Kf6 0-1

[Event "Oberpfalz-ch M2"]
[Site "Windischeschenbach"]
[Date "2007.04.02"]
[Round "6"]
[White "Moore, Bernd"]
[Black "Blodig, Martin"]
[Result "1-0"]
[WhiteElo "1695"]
[BlackElo "1648"]
[PlyCount "127"]
[EventDate "2007.03.31"]
[EventType "swiss"]
[EventRounds "8"]
[EventCountry "GER"]
[SourceTitle "EXT 2022"]
[Source "ChessBase"]
[SourceDate "2021.10.06"]
[SourceVersion "1"]
[SourceVersionDate "2021.10.06"]
[SourceQuality "1"]

1. e4 e5 2. Nf3 Nc6 3. Bc4 Nf6 4. Ng5 d5 5. exd5 Na5 6. Bb5+ c6 7. dxc6 bxc6 8. Be2 h6 9. Nf3 e4 10. Ne5 Bd6 11. d4 exd3 12. Nxd3 0-0 13. 0-0 Qc7 14. g3 Bh3 15. Re1 Rad8 16. Nd2 c5 17. b3 c4 18. bxc4 Nxc4 19. Nxc4 Qxc4 20. Bd2 Bf5 21. Nb4 Qc7 22. Qc1 Bxb4 23. Bxb4 Rfe8 24. c4 a5 25. Bd2 Ng4 26. c5 Rd5 27. c6 Rde5 28. Bxg4 Rxe1+ 29. Bxe1 Bxg4 30. Qf4 Qc8 31. Bxa5 Bh3 32. Qf3 Re5 33. Bb4 Rf5 34. Qe4 Rf6 35. Rc1 Qa8 36. a3 Qa7 37. Qe3 Qc7 38. Qe8+ Kh7 39. Qe4+ Kg8 40. Qe8+ Kh7 41. Qe4+ Kg8 42. Bd2 Re6 43. Qf4 Qc8 44. c7 Ra6 45. Qd4 Rxa3 46. Qd8+ Kh7 47. Qxc8 Bxc8 48. Rb1 Bh3 49. Rc1 Ra8 50. f3 Be6 51. Kf2 g5 52. Ke3 Kg6 53. Ke4 Kf6 54. Bc3+ Kg6 55. Ke5 Re8 56. Kd6 g4 57. f4 Bf5 58. Re1 Ra8 59. Re5 h5 60. Rxf5 Kxf5 61. Kd7 Ke4 62. c8Q Rxc8 63. Kxc8 f5 64. Bf6 1-0

[Event "Oberpfalz-ch M3"]
[Site "Regensburg"]
[Date "2004.04.05"]
[Round "5.2"]
[White "Forstner, Christoph"]
[Black "Blodig, Martin"]
[Result "1-0"]
[WhiteElo "1546"]
[BlackElo "1359"]
[PlyCount "63"]
[EventDate "2004.04.03"]
[EventType "swiss"]
[EventRounds "8"]
[EventCountry "GER"]
[SourceTitle "EXT 2022"]
[Source "ChessBase"]
[SourceDate "2021.10.06"]
[SourceVersion "1"]
[SourceVersionDate "2021.10.06"]
[SourceQuality "1"]

1. e4 e5 2. f4 exf4 3. Nf3 d6 4. d4 g6 5. Bxf4 Bg7 6. c3 Nf6 7. Nbd2 Qe7 8. Bd3 0-0 9. 0-0 Nh5 10. Be3 f5 11. Bg5 Qe8 12. Qb3+ Kh8 13. Rae1 Qf7 14. Bc4 Qd7 15. e5 dxe5 16. Nxe5 Bxe5 17. Rxe5 Nc6 18. Bb5 Qd6 19. Bxc6 Qxc6 20. Rfe1 b6 21. Bh6 Bb7 22. Nf3 Ng7 23. Re7 Nh5 24. R1e6 Qd5 25. Rxc7 Rfe8 26. Qxd5 Bxd5 27. Ree7 a5 28. Rxh7+ Kg8 29. Ne5 Re6 30. c4 Be4 31. Rhe7 Rd6 32. Rg7+ 1-0